Manual on SEBI regulations / (Record no. 144996)

MARC details
000 -LEADER
fixed length control field 00709nam a22002057a 4500
005 - DATE AND TIME OF LATEST TRANSACTION
control field 20171121161827.0
010 ## - LCCN (DPL NO)
LC control number ENG-120808-809
020 ## - INTERNATIONAL STANDARD BOOK NUMBER
International Standard Book Number 9788131252338(vol-1)
Terms of availability 3950.00 (set of 2 vols)
020 ## - INTERNATIONAL STANDARD BOOK NUMBER
International Standard Book Number 9788131252338(vol-2)
Terms of availability 3950.00 (set of 2 vols)
035 ## - SYSTEM CONTROL NUMBER
System control number EN-104340-341
037 ## - SOURCE OF ACQUISITION
Source of stock number/acquisition DBAD/PUB
082 ## - DEWEY DECIMAL CLASSIFICATION NUMBER
Classification number 346.54092
100 ## - MAIN ENTRY--PERSONAL NAME
Personal name Bhaskar,Shalashhri
245 ## - TITLE STATEMENT
Title Manual on SEBI regulations /
Remainder of title by Shalashhri Bhaskar
250 ## - EDITION STATEMENT
Edition statement 1st ed.
260 ## - PUBLICATION, DISTRIBUTION, ETC. (IMPRINT)
Place of publication, distribution, etc Gurgaon
Name of publisher, distributor, etc Lexis Nexis
Date of publication, distribution, etc 2017
270 ## - ADDRESS
Address 14th floor,Building N0-10,Tower-B,DLF Cyber City,Phase-II
City Gurgaon
Postal code 122002
300 ## - PHYSICAL DESCRIPTION
Extent 2-vols( xvii,1-1621 ; xvi,1623-3162 )
Dimensions 24cm(Hb)
942 ## - ADDED ENTRY ELEMENTS (KOHA)
Source of classification or shelving scheme Dewey Decimal Classification
Item type English Books
Classification part 346.54092
Call number suffix BHA
Holdings
Withdrawn status Lost status Materials specified (bound volume or other part) Not for loan Collection code Home library Current library Date acquired Source of acquisition Cost, normal purchase price Full call number Barcode Copy number Cost, replacement price Koha item type
    vol-1 Not For Loan Non-fiction D.B.Act.Division Bawana 19/09/2017 DBAD/PUB 3950.00 346.54092 BHA EN-104340 1 3950.00 English Books
    vol-2 Not For Loan Non-fiction D.B.Act.Division Bawana 19/09/2017 DBAD/PUB 3950.00 346.54092 BHA EN-104341 1 3950.00 English Books

© Delhi Public Library
Hit Counter
free hit counter